| 000 | nam a22 7a 4500 | ||
|---|---|---|---|
| 999 |
_c127014 _d127014 |
||
| 008 | 171003b xxu||||| |||| 00| 0 eng d | ||
| 020 | _a9789956763801 | ||
| 050 | _aDT30.5.M479 | ||
| 100 |
_aMboyo, Jean Pierre Elonga _936664 |
||
| 245 |
_aAfrica through structuration theory _boutline of the FS (Fear and Self-scrutiny) methodology of Ubuntu _cJean Pierre Elonga Mboyo |
||
| 260 |
_aCameroon _bLangaa Research and Publishing _c2016 |
||
| 300 |
_axxxi, 204p. ; _c22cm. |
||
| 650 |
_aAfrica _xPolitics _915215 |
||
| 650 |
_aEducation _zCongo (Democratic Republic) _936665 |
||
| 942 |
_2lcc _cMONOGRAPH |
||